Japan fact book 1974
Đã lưu trong:
| 格式: | 圖書 |
|---|---|
| 語言: | Undetermined |
| 出版: |
Tokyo
Dempa
1974
|
| 主題: | |
| 標簽: |
添加標簽
沒有標簽, 成為第一個標記此記錄!
|
| Thư viện lưu trữ: | Trung tâm Học liệu Trường Đại học Cần Thơ |
|---|
| LEADER | 00416nam a2200157Ia 4500 | ||
|---|---|---|---|
| 001 | CTU_98159 | ||
| 008 | 210402s9999 xx 000 0 und d | ||
| 082 | |a 338.47621 | ||
| 082 | |b J34/1974 | ||
| 245 | 0 | |a Japan fact book 1974 | |
| 260 | |a Tokyo | ||
| 260 | |b Dempa | ||
| 260 | |c 1974 | ||
| 650 | |a Electric industries,Electronic industries | ||
| 904 | |i Truc | ||
| 980 | |a Trung tâm Học liệu Trường Đại học Cần Thơ | ||